| 000 -LEADER |
| fixed length control field |
00442nam a22001697a 4500 |
| 008 - FIXED-LENGTH DATA ELEMENTS--GENERAL INFORMATION |
| fixed length control field |
241112b 1997 ||||| |||| 00| 0 eng d |
| 020 ## - INTERNATIONAL STANDARD BOOK NUMBER |
| International Standard Book Number |
1870077407 |
| 082 ## - DEWEY DECIMAL CLASSIFICATION NUMBER |
| Classification number |
658.408 |
| Item number |
CHA |
| 100 ## - MAIN ENTRY--PERSONAL NAME |
| Personal name |
Chauvel |
| 245 ## - TITLE STATEMENT |
| Title |
Managing safety and quality in shipping |
| 260 ## - PUBLICATION, DISTRIBUTION, ETC. (IMPRINT) |
| Place of publication, distribution, etc |
London |
| Name of publisher, distributor, etc |
The nautical institute |
| Date of publication, distribution, etc |
1997 |
| 300 ## - PHYSICAL DESCRIPTION |
| Extent |
x,213p. |
| 650 ## - SUBJECT ADDED ENTRY--TOPICAL TERM |
| Topical term or geographic name as entry element |
Safety |
| 650 ## - SUBJECT ADDED ENTRY--TOPICAL TERM |
| Topical term or geographic name as entry element |
Quality assurance |
| 650 ## - SUBJECT ADDED ENTRY--TOPICAL TERM |
| Topical term or geographic name as entry element |
Total quality management |
| 942 ## - ADDED ENTRY ELEMENTS (KOHA) |
| Item type |
Books |